Two 'B' Words by One Hint II Quiz Stats

 Plays Quiz Updated Dec 21, 2019

Support Sporcle.
Go Orange.
Score 0/20 Timer 04:00
0 Plays Today
% Correct
Body Builder
94.3%
Big Bird
94.3%
Bulletin Board
94.2%
Breakfast Burrito
93.9%
Beanie Babies
92.9%
Bad Breath
92.2%
Beginning Balance
91.5%
Birmingham Boys
90.6%
Barnacle Boy
90.1%
Barbara Bach
88.4%
% Correct
Benazir Bhutto
87.9%
Bronx Bombers
87.7%
Boris Becker
86.9%
B'nai B'rith
86.9%
Big Bands
81.2%
Black Beauty
78.7%
Brother Bear
73.5%
Buster Brown
72.9%
Billy Beane
66.4%
Beggars Banquet
52.4%

You're not logged in!

Compare scores with friends on all Sporcle quizzes.
OR
Log In

From the Vault

US Presidents with Most States Admitted

by rk559

Hey, those 50 states had to be admitted by someone...
Remove Ads.
Support Sporcle.
Get the best of Sporcle when you Go Orange. This ad-free experience offers more features, more stats, and more fun while also helping to support Sporcle. Thank you for becoming a member.

Show Comments

Extras

Top Quizzes Today


Score Distribution

Your Account Isn't Verified!

In order to create a playlist on Sporcle, you need to verify the email address you used during registration. Go to your Sporcle Settings to finish the process.

Report this User

Report this user for behavior that violates our Community Guidelines.

Details: